000 01737cam a2200433 i 4500
001 data
005 20260322212120.0
008 data
035 _a20463658
906 _a7
_bcbc
_ccopycat
_d2
_encip
_f20
_gy-gencatlg
925 0 _aacquire
_b1 shelf copy
_xpolicy default
955 _wxm09 2022-06-23
010 _a 2017449858
020 _a9781640301221
020 _a1640301224
035 _a(OCoLC)1035161694
040 _aCIB
_beng
_cCIB
_erda
_dDLC
_dDLC
042 _alccopycat
050 0 0 _aTX716.M4
_bC754 2017
082 0 0 _a641.5972
_223/eng/20220623
245 0 0 _aCrock-pot, the original slow cooker :
_bMexican slow cooking.
246 3 _aCrockpot the original slow cooker
246 3 0 _aMexican slow cooking
264 1 _aMorton Grove, IL :
_bPublications International, Ltd.,
_c[2017]
264 4 _c©2017
300 _a192 pages :
_bcolor illustrations ;
_c25 cm
336 _atext
_btxt
_2rdacontent
337 _aunmediated
_bn
_2rdamedia
338 _avolume
_bnc
_2rdacarrier
500 _aIncludes index.
520 _aCrock-Pot slow cookers can help you make the most of your day and still enjoy mealtime with your family. Treat yourself to the rich, colorful cuisine of Mexico with more than 90 recipes for appetizers, soups, stews and chiles, meat-packed meals, vegetarian favorites, side dishes, desserts and drinks.
650 0 _aCooking, Mexican.
650 0 _aElectric cooking, Slow.
650 0 _aCooking.
650 7 _aCooking.
_2fast
_0(OCoLC)fst01754966
650 7 _aCooking, Mexican.
_2fast
_0(OCoLC)fst01753395
650 7 _aElectric cooking, Slow.
_2fast
_0(OCoLC)fst01754942
710 2 _aPublications International, Ltd.,
_epublisher.
999 _c1843
_d1843